000 00457nam a22001817a 4500
003 OSt
005 20260430115946.0
008 260430b |||||||| |||| 00| 0 eng d
020 _a9789365570250
082 _a658.4063 KHD
100 _aKHALIQUE,Fehmina
245 _aDesign Thinking for Business Transformation
250 _a1st Ed
260 _a Mumbai
_bHimalaya Publishing
_c2025
300 _a170
700 _aKAMRA,Neetu Bali
942 _2ddc
_cREF
999 _c13933
_d13933